Top 25 Receiving Yards NFL saison 2024-25 - Statistiques

Statistiques générales
  • Ce quiz a été pris 300 fois
  • Le résultat moyen est 15 sur 25
Statistiques - réponses
Nb de Yards Equipe Joueur % Correct
1533 Vikings Justin Jefferson
96%
1708 Bengals Ja'marr Chase
95%
1263 Lions Amon-Ra St. Brown
91%
1079 Eagles AJ Brown
78%
1194 Cowboys CeeDee Lamb
76%
1204 Giants Malik Nabers
67%
1004 Buccaneers Mike Evans
65%
1059 Ravens Zay Flowers
65%
1271 Falcons Drake London
63%
992 Seahawks DK Metcalf
62%
1063 Jets Davante Adams
60%
1104 Jets Garrett Wilson
60%
1106 49ers George Kittle
59%
1096 Commanders Terry McLaurin
59%
1282 Jaguars Brian Thomas Jr.
56%
1194 Raiders Brock Bowers
55%
1001 Lions Jameson Williams
52%
1006 Texans Nico Collins
50%
1130 Seahawks Jaxson Smith-Njigba
48%
1229 Browns Jerry Jeudy
48%
1081 Broncos Courtland Sutton
42%
1149 Chargers Ladd McConkey
40%
1146 Cardinals Trey McBride
38%
1017 Titans Calvin Ridley
24%
1027 Raiders Jakobi Meyers
24%
Aucun quiz correspondant
Distribution des résultats
% des personnes avec chaque résultat
Percentile par nombre de réponses
Votre historique - résultats
Vous n’avez pas pris ce quiz